Normal view
MARC view
Entry Personal Name
001 - CONTROL NUMBER
- control field: 20508
003 - CONTROL NUMBER IDENTIFIER
- control field: ARRUPE
005 - DATE AND TIME OF LATEST TRANSACTION
- control field: 20151024123901.0
008 - FIXED-LENGTH DATA ELEMENTS
- fixed length control field: 151024|| aca||aabn | a|a d
040 ## - CATALOGING SOURCE
- Original cataloging agency: ARRUPE
- Transcribing agency: ARRUPE
100 ## - HEADING--PERSONAL NAME
- Personal name: Sartre, Jean-Paul,
- Dates associated with a name: 1905-1980
- General subdivision: Criticism and interpretation.
670 ## - SOURCE DATA FOUND
- Source citation: Work cat.: (ARRUPE)0: Daigle, Christine, 1967- 20507, Jean-Paul Sartre /, 2009.